Susceptibilidad de Fusarium oxysporum f.sp. cubense causante del mal de Panamá en plátano manzano (Musa SP., ABB) a aceites esenciales / (Record no. 218829)
[ view plain ]
| 000 -CABECERA | |
|---|---|
| campo de control de longitud fija | 02569nam a2200289 a 4500 |
| 003 - IDENTIFICADOR DEL NÚMERO DE CONTROL | |
| campo de control | OSt |
| 005 - FECHA Y HORA DE LA ÚLTIMA TRANSACCIÓN | |
| campo de control | 20260209145603.0 |
| 007 - CAMPO FIJO DE DESCRIPCIÓN FÍSICA--INFORMACIÓN GENERAL | |
| campo de control de longitud fija | cr ||||||a|c|a |
| 008 - DATOS DE LONGITUD FIJA--INFORMACIÓN GENERAL | |
| campo de control de longitud fija | 230525s2019 mx a|||fom||| 001 0 spa d |
| 040 ## - FUENTE DE LA CATALOGACIÓN | |
| Normas de descripción | rda |
| 100 1# - ENTRADA PRINCIPAL--NOMBRE DE PERSONA | |
| 9 (RLIN) | 187188 |
| Nombre de persona | Oltehua Vazquez, Marisol |
| 245 10 - MENCIÓN DE TÍTULO | |
| Título | Susceptibilidad de Fusarium oxysporum f.sp. cubense causante del mal de Panamá en plátano manzano (Musa SP., ABB) a aceites esenciales / |
| Mención de responsabilidad, etc. | por Marisol Oltehua Vazquez; director de tesis Luciano Martínez Bolaños. |
| 264 #1 - PRODUCCIÓN, PUBLICACIÓN, DISTRIBUCIÓN, FABRICACIÓN Y COPYRIGHT | |
| Producción, publicación, distribución, fabricación y copyright | Tabasco, México : |
| Nombre del de productor, editor, distribuidor, fabricante | El autor, |
| Fecha de producción, publicación, distribución, fabricación o copyright | 2019. |
| 300 ## - DESCRIPCIÓN FÍSICA | |
| Extensión | 1 recurso en línea (72 páginas): |
| Otras características físicas | cuadros, figuras. |
| 336 ## - TIPO DE CONTENIDO | |
| Fuente | rdacontent |
| Término de tipo de contenido | texto |
| Código de tipo de contenido | txt |
| 337 ## - TIPO DE MEDIO | |
| Fuente | rdamedia |
| Nombre/término del tipo de medio | computadora |
| Código del tipo de medio | c |
| 338 ## - TIPO DE SOPORTE | |
| Fuente | rdacarrier |
| Nombre/término del tipo de soporte | recurso en línea |
| Código del tipo de soporte | cr |
| 502 ## - NOTA DE TESIS | |
| Tipo de título | Ingeniero Agrónomo Especialista en Zonas Tropicales |
| Nombre de la institución que otorga el título | Unidad Regional Universitaria Sursureste, |
| Año de obtención del título | 2019. |
| Información miscelánea | Licenciatura |
| 504 ## - NOTA DE BIBLIOGRAFÍA, ETC. | |
| Nota de bibliografía, etc. | Incluye referencias bibliográficas: páginas 60-61. |
| 520 ## - SUMARIO, ETC. | |
| Sumario, etc. | El Mal del Panamá causado por Fusarium oxysporum f.sp. cubense (FOC) es una de las enfermedades más destructivas que afectan a los plátanos y bananos en el mundo (Ploetz 2000; Stove 1962). El patógeno infecta al sistema radicular de las plantas, y posteriormente, coloniza el sistema vascular del rizoma y del pseudotallo. Se evaluó el efecto in vitro de bioaceites esenciales en el crecimiento micelial de FOC, posteriormente, se determinó su efectividad en el control de la enfermedad en vitroplantas de plátano manzano (Musa SP., ABB) inoculadas previamente con FOC. Se realizó un análisis de varianza de los resultados y comparaciones de medias de los tratamientos (Duncan, p≤ 0.05%). En las pruebas in vitro el aceite esencial de P. dioica y O. vulgare inhibieron el crecimiento miceliar del hongo; mientras que el aceite esencial de Eucalyptus urograndis, Piper auritum y Foeniculum vulgare a concentraciones de 1000, 3000 y 5000 μl L-1 inhibieron el crecimiento de FOC por 30 días. Para la fase in vivo los aceites esenciales que inhibieron el desarrollo de FOC en plátano manzano fueron los de O. vulgare y Foeniculum vulgare. Los resultados del presente estudio abren una perspectiva para el desarrollo de un programa de manejo integral sostenible de Fusarium en musáceas. |
| 650 #4 - PUNTO DE ACCESO ADICIONAL DE MATERIA--TÉRMINO DE MATERIA | |
| 9 (RLIN) | 164496 |
| Término de materia o nombre geográfico como elemento de entrada | Plátano |
| Subdivisión general | enfermedades por hongos |
| 650 #4 - PUNTO DE ACCESO ADICIONAL DE MATERIA--TÉRMINO DE MATERIA | |
| 9 (RLIN) | 131844 |
| Término de materia o nombre geográfico como elemento de entrada | Aceites esenciales |
| Subdivisión general | Efecto en hongos fitopatógenos |
| 650 #4 - PUNTO DE ACCESO ADICIONAL DE MATERIA--TÉRMINO DE MATERIA | |
| 9 (RLIN) | 130783 |
| Término de materia o nombre geográfico como elemento de entrada | Fusarium oxysporum |
| Subdivisión general | Control |
| 700 0# - PUNTO DE ACCESO ADICIONAL--NOMBRE DE PERSONA | |
| 9 (RLIN) | 71868 |
| Nombre de persona | Martínez Bolaños, Luciano |
| Término indicativo de función/relación | Director de tesis. |
| 856 ## - LOCALIZACIÓN Y ACCESO ELECTRÓNICOS | |
| Identificador Uniforme del Recurso | http://10.13.5.2/tesis/tl/Oltehua_Vazquez_Marisol.pdf |
| Nota pública | DESCARGAR PDF |
| 942 ## - ELEMENTOS DE PUNTO DE ACCESO ADICIONAL (KOHA) | |
| Fuente del sistema de clasificación o colocación | Clasificación Universidad Autónoma Chapingo |
| Tipo de ítem Koha | Tesis digital |
| Estado de retiro | Estado de pérdida | Fuente del sistema de clasificación o colocación | Estado dañado | Restricciones de uso | No para préstamo | Código de colección | Localización permanente | Ubicación/localización actual | Ubicación en estantería | Fecha de adquisición | Total de préstamos | Signatura topográfica completa | Fecha visto por última vez | Precio válido a partir de | Tipo de ítem Koha |
|---|---|---|---|---|---|---|---|---|---|---|---|---|---|---|---|
| Clasificación Universidad Autónoma de Chapingo | Préstamo interno | Tesis digitales de Licenciatura | Biblioteca Digital | Biblioteca Digital | En línea | 25/05/2023 | Tesis digital | 25/05/2023 | 25/05/2023 | Tesis digital |
